01615cam a2200361Ii 4500999001500000001000700015003000600022005001700028008004100045010001700086020003100103020002500134035002300159035001900182040003200201049000900233082001600242100003900258245010700297260004700404300002100451500013600472500006800608500002800676504005100704610008300755650004000838650001800878942001200896952012300908952011101031952011101142 c6336d6336136526GBCCL20241126110601.0780424s1977 mou b 000 0 eng d a 77075023  a0882439081 (pbk.) :c$1.50 a9780882439082 (pbk.) a(OCoLC)ocm03824065 a(OCoLC)3824065 aBCTcBCTdBAKERdOCLCQdLBB aLBBK a289.94bCAR1 aCarlson, Guy Raymondd1918-91135710aOur faith and fellowship:bA study of the Assemblies of God history and beliefs /cG. Raymond Carlson. aSpringfield, Mo. :bRadiant Books,cc1977. a128 p. ;c18 cm. a"Adapted from the Christian Faith Series manual Our faith and fellowship by Ralph W. Harris, c1963 by the Gospel Publishing House." aOn cover: A study of the Assemblies of God history and beliefs. a"Errata" slip inserted. aIncludes bibliographical references (124-126).20aAssemblies of God.bGeneral CouncilxDoctrinal and controversial works.911358 aAssemblies of GodxDoctrines911359 aTheology9631 2ddccBK 00102ddc4070aGBCbGBCcCHd2018-05-10l1o289.94 CARp009087r2025-09-17 15:30:36s2025-09-10tc.1w2018-05-10yBK 00102ddc4070aGBCbGBCcCHd2018-05-10l0o289.94 CARp009092r2025-05-01 00:00:00tc.2w2018-05-10yBK 00102ddc4070aGBCbGBCcCHd2018-07-27l0o289.94 CARp013533r2025-05-01 00:00:00tc.3w2018-07-27yBK